Libro de la electricidad : (Registro nro. 9110)

Detalles MARC
000 -LIDER
fixed length control field 00564nam a22001937a 4500
003 - IDENTIFICACDOR DE NÚMERO DE CONTROL
control field DO-SdBNP
005 - DATE AND TIME OF LATEST TRANSACTION
control field 20180126135202.0
008 - ELEMENTOS DE LONGITUD FIJA
fixed length control field 1512141976 sp||||| |||| 00| 0 spa d
020 ## - ISBN
International Standard Book Number 8473740149
040 ## - FUENTE DE CATALOGACIÓN
Agencia que crea de manera original el registro BPMSU
Idioma de catalogación spa
Agencia que realiza la transcripción BPMSU
100 ## - ASIENTO PRINCIPAL -- NOMBRE PERSONAL
Nombre personal Chapman, Philip
245 ## - MENCIÓN DE TITULO
Título Libro de la electricidad :
Subtítulo aprendiendo los secretos del poder eléctrico
Mención de responsabilidad Philip Chapman
260 ## - PUBLICACIÓN, DISTRIBUCIÓN, ETC. (PIE DE IMPRENTA)
Lugar de publicación, distribución, etc Madrid :
Nombre del editor, distribuidor, etc. Plesa
Fecha de publicación, distribución, etc 1979
300 ## - DESCRIPCIÓN FÍSICA
Extensión 32 p. :
Otros detalles físicos il. :
Medida de la unidad 28 cm
490 ## - MENCIÓN DE SERIES
Mención de serie El joven cientifíco
942 ## - ADDED ENTRY ELEMENTS (KOHA)
Source of classification or shelving scheme Dewey Decimal Classification
Koha item type Libros
945 ## - INFORMACIÓN DE PROCESAMIENTO LOCAL
Información de procesamiento local Inventariado, 2018 / BT
956 ## - LOCAL ELECTRONIC LOCATION AND ACCESS (OCLC)
Nombre de host daysi garcia
Existencias
Withdrawn status Lost status Source of classification or shelving scheme Damaged status Not for loan Collection code Home library Current library Date acquired Source of acquisition Total Checkouts Barcode Date last seen Price effective from Koha item type
    Dewey Decimal Classification     Colección Juvenil General Biblioteca Pública Metropolitana Salomé Ureña Biblioteca Pública Metropolitana Salomé Ureña 01/26/2018 FUNDI   BPMSU18010069 01/26/2018 01/26/2018 Libros